|
|
|
|
| LEADER |
00000cam a22000002c 4500 |
| 001 |
271151889 |
| 003 |
DE-627 |
| 005 |
20221215151432.0 |
| 007 |
tu |
| 008 |
990702s1831 xxk||||| 00| ||eng c |
| 035 |
|
|
|a (DE-627)271151889
|
| 035 |
|
|
|a (DE-576)9271151887
|
| 035 |
|
|
|a (DE-599)GBV271151889
|
| 035 |
|
|
|a (OCoLC)246278624
|
| 040 |
|
|
|a DE-627
|b ger
|c DE-627
|e rakwb
|
| 041 |
|
|
|a eng
|
| 044 |
|
|
|c XA-GB
|
| 084 |
|
|
|a 0
|2 ssgn
|
| 100 |
0 |
|
|0 (DE-588)1051910943
|0 (DE-627)787911682
|0 (DE-576)407553789
|4 aut
|a Hugh
|c Carlisle, Bishop
|
| 109 |
|
|
|a Hugh Carlisle, Bishop
|a Carlisle, Hugh of
|a Carlisle, Hugh
|
| 245 |
1 |
2 |
|a A sermon preached before the Incorporated Society for the Propagation of the Gospel in Foreign Parts; at their anniversary meeting in the Parish-Church of St. Mary Le Bow, on Friday, February 18, 1831 ; together with the report of the Society for the year 1830 ; to which are annexed, lists of the Society's Missionaries ...
|c by ... Hugh, Lord Bishop of Carlisle
|
| 264 |
|
1 |
|a London
|b Rivington
|c 1831
|
| 300 |
|
|
|a 214 S
|
| 336 |
|
|
|a Text
|b txt
|2 rdacontent
|
| 337 |
|
|
|a ohne Hilfsmittel zu benutzen
|b n
|2 rdamedia
|
| 338 |
|
|
|a Band
|b nc
|2 rdacarrier
|
| 500 |
|
|
|a Anh. S. [18] - 214
|
| 500 |
|
|
|a Vorlageform der Veröffentlichungsangabe: London: printed for the Society, and sold by C. J. G. and F. Rivington, ...
|
| 710 |
2 |
|
|0 (DE-588)81159-2
|0 (DE-627)101592868
|0 (DE-576)190506717
|4 oth
|a Society for the Propagation of the Gospel in Foreign Parts
|
| 935 |
|
|
|a FRST
|a mteo
|
| 951 |
|
|
|a BO
|
| ELC |
|
|
|b 1
|
| LOK |
|
|
|0 000 xxxxxcx a22 zn 4500
|
| LOK |
|
|
|0 001 4232621725
|
| LOK |
|
|
|0 003 DE-627
|
| LOK |
|
|
|0 004 271151889
|
| LOK |
|
|
|0 005 20240919081115
|
| LOK |
|
|
|0 008 221215||||||||||||||||ger|||||||
|
| LOK |
|
|
|0 040
|a DE-Tue135
|c DE-627
|d DE-Tue135
|
| LOK |
|
|
|0 092
|o n
|
| LOK |
|
|
|0 852
|a DE-Tue135
|
| LOK |
|
|
|0 852 1
|9 00
|
| LOK |
|
|
|0 866
|x SPQUE#Bibliothek der Franckeschen Stiftungen#SPSAM#Bibliothek der Ostindischen Missionsanstalt#SPSYS#oimi_systematik_F
|
| LOK |
|
|
|0 935
|a FRST
|a oimi
|
| LOK |
|
|
|0 939
|a 15-12-22
|b l01
|
| ORI |
|
|
|a SA-MARC-ixtheoa001.raw
|
| REL |
|
|
|a 1
|
| SUB |
|
|
|a REL
|